vainqueur CDM - Statistiques

Statistiques générales
  • Ce quiz a été pris 180 fois
  • Le résultat moyen est 7 sur 8
Statistiques - réponses
Hint Réponse % Correct
2 france
99%
3 argentine
98%
5 bresil
98%
4 allemagne
97%
4 italie
96%
1 espagne
90%
2 uruguay
83%
1 angleterre
82%
Aucun quiz correspondant
Distribution des résultats
% des personnes avec chaque résultat
Percentile par nombre de réponses
Votre historique - résultats
Vous n’avez pas pris ce quiz